[Event "Milan Autumn op"]
[Site "Milan"]
[Date "2015.10.06"]
[Round "7"]
[White "Figini, Vittorio"]
[Black "Colombo, Abner"]
[Result "1-0"]
[WhiteElo "1473"]
[BlackElo "1307"]
[PlyCount "79"]
[EventDate "2015.09.15"]
[EventType "swiss"]
[EventRounds "8"]
[EventCountry "ITA"]
[SourceTitle "EXT 2024"]
[Source "ChessBase"]
[SourceDate "2023.10.10"]
[SourceVersion "1"]
[SourceVersionDate "2023.10.10"]
[SourceQuality "1"]

1. e4 e5 2. Nf3 Nc6 3. Bb5 f5 4. d3 a6 5. Ba4 b5 6. Bb3 f4 7. Bd5 Nge7 8. Bb3 h6 9. a3 d6 10. c3 Bg4 11. h3 Bh5 12. Nbd2 Qd7 13. Ba2 a5 14. b3 d5 15. Qc2 b4 16. Bb2 Nc8 17. 0-0 bxa3 18. Bc1 d4 19. cxd4 exd4 20. Kh2 Nb4 21. Qb1 Qb5 22. Nc4 Bxf3 23. gxf3 Nd6 24. Bxf4 g5 25. Bg3 Be7 26. Qd1 Nxa2 27. Rxa2 Nxc4 28. bxc4 Qc6 29. Qe2 h5 30. Kh1 Qe6 31. Kg2 0-0-0 32. f4 gxf4 33. Bxf4 Rdg8+ 34. Kh2 Qg6 35. f3 Bh4 36. Kh1 Rf8 37. Be5 Rhg8 38. Bxd4 Rd8 39. Be3 Rxd3 40. Qxd3 1-0

[Event "Milan Crespi op-C 33rd"]
[Site "Milan"]
[Date "2012.12.08"]
[Round "4"]
[White "Figini, Vittorio"]
[Black "Spada, Maurizio"]
[Result "0-1"]
[WhiteElo "1531"]
[BlackElo "1625"]
[PlyCount "52"]
[EventDate "2012.12.05"]
[EventType "swiss"]
[EventRounds "7"]
[EventCountry "ITA"]
[SourceTitle "EXT 2024"]
[Source "ChessBase"]
[SourceDate "2023.10.10"]
[SourceVersion "1"]
[SourceVersionDate "2023.10.10"]
[SourceQuality "1"]

1. e4 e5 2. Nf3 Nc6 3. Bb5 a6 4. Ba4 Nf6 5. 0-0 b5 6. Bb3 Be7 7. Re1 0-0 8. c3 d5 9. exd5 Nxd5 10. Nxe5 Nxe5 11. Rxe5 Nf6 12. d4 Bd6 13. Re1 Ng4 14. g3 Bb7 15. Qd3 Qf6 16. Qf1 Rfe8 17. Be3 Qf3 18. d5 Re5 19. Nd2 Qf5 20. c4 Rae8 21. Bd4 Qh5 22. h4 Rxe1 23. Rxe1 Rxe1 24. Qxe1 bxc4 25. Nxc4 Qxd5 26. Nxd6 Qg2# 0-1

[Event "Milan Crespi op-C 33rd"]
[Site "Milan"]
[Date "2012.12.07"]
[Round "3"]
[White "Pirrello, Christian"]
[Black "Figini, Vittorio"]
[Result "1-0"]
[WhiteElo "1602"]
[BlackElo "1531"]
[PlyCount "121"]
[EventDate "2012.12.05"]
[EventType "swiss"]
[EventRounds "7"]
[EventCountry "ITA"]
[SourceTitle "EXT 2024"]
[Source "ChessBase"]
[SourceDate "2023.10.10"]
[SourceVersion "1"]
[SourceVersionDate "2023.10.10"]
[SourceQuality "1"]

1. e4 c5 2. Nf3 Nc6 3. Bb5 d6 4. d4 cxd4 5. Nxd4 Bd7 6. Be3 e5 7. Nb3 a6 8. Be2 Nf6 9. Nc3 Be7 10. Qd2 b5 11. a3 Be6 12. 0-0 Qc7 13. f3 0-0 14. Rfd1 Rfd8 15. Bg5 Rd7 16. Bxf6 Bxf6 17. Nd5 Bxd5 18. Qxd5 Rc8 19. Rac1 Qb6+ 20. Kh1 Bg5 21. Nd2 Ne7 22. Qb3 d5 23. Ra1 Qf2 24. Qd3 Rcd8 25. Rf1 Qa7 26. Nb3 Ng6 27. g3 Be7 28. Rad1 Qb6 29. Rfe1 Nf8 30. Bf1 Ne6 31. Bh3 dxe4 32. Qxd7 Rxd7 33. Rxd7 Qf2 34. Red1 Qxf3+ 35. Bg2 Qf6 36. Bxe4 g6 37. Bd5 Ng5 38. Bg2 e4 39. R7d2 e3 40. Re2 Qxb2 41. Rxe3 Qxc2 42. Rde1 Bxa3 43. Nd4 Qd2 44. Nb3 Qd6 45. Re8+ Kg7 46. R8e3 Ne6 47. Bh3 Bb4 48. Rf1 Bc5 49. Nxc5 Nxc5 50. Ref3 Qd5 51. Bg2 Qe6 52. Rc3 Ne4 53. Rcf3 Nd2 54. Rxf7+ Qxf7 55. Rxf7+ Kxf7 56. Bd5+ Kf6 57. Kg2 Ke5 58. Bg8 h6 59. Kf2 b4 60. Ke2 b3 61. Kxd2 1-0